000 00535nam a22001457a 4500
005 20250806152925.0
008 250806b |||||||| |||| 00| 0 eng d
100 _aONGANGA PETER ODHIAMBO
245 _aINFLUENCE OF SUPERVISED AGRICULTURAL EXPERIENCE PROGRAMME ON THE LEARNING OUTCOMES OF SECONDARY SCHOOL AGRICULTURE TEACHING AMONG STUDENTS IN MIGORI COUNTY, KENYA
260 _aKISII
_bKISII UNIVERSITY
_c2021
300 _aXXVI,267P.
500 _aINCLUDES AN INDEX
650 _aAGRICULTURAL EDUCATION -KENYA
942 _2lcc
_cREF
999 _c215990
_d215990